000 00546nam a2200217Ia 4500
003 OSt
005 20220918175617.0
006 a|||||r|||| 00| 0
007 ta
008 220917b |||||||| |||| 00| 0 eng d
024 _a18,180
037 _cTextual
040 _aARTS
_cARTS
_beng
041 _2eng
_aeng
082 _aO:1M61xO122:M66, H5 (O44)
245 0 _aRolland and Tagore
260 _c1945
650 _aENGLISH LITERATURE
942 _hO:1M61xO122:M66, H5 (O44)
_cTEXL
_2CC
999 _c158313
_d158313